Missing Word: First & Last Movies Quiz Stats

Quiz Updated Nov 23, 2014

Challenge
Share
Tweet
Embed
Score 0/18 Timer 03:00
0 Plays Today
Title Missing Word % Correct
50 First _____Dates
95.8%
About Last _____...Night
89.7%
Indiana Jones and the Last _______Crusade
89.2%
The Last ____ of ScotlandKing
87.5%
The Last of the ________Mohicans
82.1%
The First Great _____ RobberyTrain
81.4%
The First _____ ClubWives
71.4%
The Last _____ on the LeftHouse
70.7%
Last ______ HeroAction
67.3%
Title Missing Word % Correct
At First _____Sight
67.1%
X-Men: First _____Class
65.5%
X-Men: The Last _____Stand
61.4%
Captain America: The First _______Avenger
57.1%
The Last __________ of ChristTemptation
55.9%
______ in the FirstMurder
51.5%
The Last _______Samurai
47.3%
Star Trek: First _______Contact
41.7%
First ______Knight
26.9%

Today's Daily Dose

Word Ladder
Asgardians

On This Day
May 23rd II

You're not logged in!

Compare scores with friends on all Sporcle quizzes.
Join for Free
OR
Log In

You Might Also Like...

Show Comments

Extras

Top Quizzes Today


Score Distribution

Your Account Isn't Verified!

In order to create a playlist on Sporcle, you need to verify the email address you used during registration. Go to your Sporcle Settings to finish the process.

Report this User

Report this user for behavior that violates our Community Guidelines.

Details: